000
00284nam a22001217a 4500
020
_a
9789350141243
082
_a
006.3 GOS
100
_a
Gunjan Goswami
245
_a
Introduction To Artificial Intelligence
260
_a
New Delhi
_b
Kataria
_c
2013
300
_a
380p.
942
_c
BK
999
_c
490597
_d
490597